Phát triển lời nói cho học sinh tiểu học trên bình diện ngữ âm

שמור ב:
מידע ביבליוגרפי
מחבר ראשי: Nguyễn Thị Xuân Yến
מחברים אחרים: Lê Thị Thanh Nhàn (Biên soạn)
פורמט: ספר
שפה:Vietnamese
יצא לאור: H. 2007
נושאים:
תגים: הוספת תג
אין תגיות, היה/י הראשונ/ה לתייג את הרשומה!
Thư viện lưu trữ: Mạng thư viện Đại học Đà Nẵng
LEADER 01077nam a2200313 4500
001 000015563
003 11946
005 20120530100525.0
008 120530s2007 viesd
041 0 |a vie 
082 |a 372.62  |b NG-Y 
100 0 |a Nguyễn Thị Xuân Yến 
245 0 |a Phát triển lời nói cho học sinh tiểu học trên bình diện ngữ âm  |c Nguyễn Thị Xuân Yến(Cb), Lê Thị Thanh Nhàn 
260 |a H.  |c 2007 
300 |a 148 tr.  |c 27 cm 
653 |a Phát triển lời nói 
653 |a Ngữ âm 
653 |a Tiểu học 
700 |a Lê Thị Thanh Nhàn  |e Biên soạn 
OWN |a LSP 
AVA |a UDN50  |b LSP  |d 372.62 NG-Y  |e available  |t Error 5001 Not defined in file expand_doc_bib_avail.  |f 1  |g 0  |h N  |i 0  |k 1 
999 |a From the UDN01 
AVA |a UDN50  |b LSP  |d 372.62 NG-Y  |e available  |t Error 5001 Not defined in file expand_doc_bib_avail.  |f 1  |g 0  |h N  |i 0  |k 1 
TYP |a Monograph 
TYP |a Printed language 
980 |a Mạng thư viện Đại học Đà Nẵng